[Event "EU-ch Seniors rap (Women)"]
[Site "Plovdiv"]
[Date "2013.03.21"]
[Round "8"]
[White "Tandashvili, Margalita"]
[Black "Sorokina, Tamara"]
[Result "1-0"]
[WhiteElo "2025"]
[BlackElo "2116"]
[PlyCount "101"]
[EventDate "2013.03.20"]
[EventType "swiss (rapid)"]
[EventRounds "9"]
[EventCountry "BUL"]
[SourceTitle "EXT 2014"]
[Source "ChessBase"]
[SourceDate "2013.11.20"]
[SourceVersion "1"]
[SourceVersionDate "2013.11.20"]
[SourceQuality "1"]

1. e4 e6 2. d4 c5 3. Nf3 cxd4 4. Nxd4 Nc6 5. Be3 Nf6 6. Bd3 d5 7. Nc3 Bb4 8. exd5 Nxd5 9. Nxc6 bxc6 10. Bd2 Qa5 11. Ne4 Bxd2+ 12. Qxd2 Qxd2+ 13. Kxd2 Ke7 14. c4 Nf4 15. Rad1 Rd8 16. Kc3 g6 17. g3 Nxd3 18. Rxd3 Rxd3+ 19. Kxd3 Ba6 20. Nc5 Rd8+ 21. Kc3 Bc8 22. f4 h5 23. Re1 Kf6 24. Ne4+ Kg7 25. Nf2 h4 26. Rd1 Rh8 27. g4 c5 28. Nd3 Bb7 29. Nxc5 Bf3 30. Rg1 g5 31. fxg5 Kg6 32. Nd3 Kxg5 33. Ne5 Kf4 34. Nxf7 Rh7 35. Nd6 Bxg4 36. b4 e5 37. c5 Bf3 38. a4 e4 39. Rg8 e3 40. Rf8+ Kg4 41. h3+ Kg3 42. Nf5+ Kxh3 43. Nxh4 Bc6 44. Nf3 Bxa4 45. Ng5+ Kg2 46. Nxh7 Bb5 47. Ng5 e2 48. Kd2 Kg3 49. Ke1 Kg4 50. Ne4 Bc6 51. Nc3 1-0

[Event "EU-ch Seniors (Women) 13th"]
[Site "Plovdiv"]
[Date "2013.03.12"]
[Round "2"]
[White "Draganova, Petranka"]
[Black "Tandashvili, Margalita"]
[Result "1/2-1/2"]
[WhiteElo "1999"]
[BlackElo "2025"]
[PlyCount "129"]
[EventDate "2013.03.11"]
[EventType "swiss"]
[EventRounds "9"]
[EventCountry "BUL"]
[SourceTitle "CBM 153 Extra"]
[Source "ChessBase"]
[SourceDate "2013.04.22"]
[SourceVersion "1"]
[SourceVersionDate "2013.04.22"]
[SourceQuality "1"]

1. e4 c5 2. Nf3 Nc6 3. d4 cxd4 4. Nxd4 e5 5. Nf5 d5 6. exd5 Bxf5 7. dxc6 Qxd1+ 8. Kxd1 Rd8+ 9. Bd2 bxc6 10. Kc1 Bc5 11. f3 Nf6 12. Bc4 0-0 13. g4 Bg6 14. Nc3 e4 15. Nxe4 Nxe4 16. fxe4 Bxe4 17. Rf1 Bg6 18. Be2 Rfe8 19. Bf3 Rd6 20. b4 Red8 21. Bc3 Bd4 22. Bxd4 Rxd4 23. Rd1 Rxd1+ 24. Bxd1 Rd4 25. Rb1 f5 26. Bf3 fxg4 27. Bxc6 Kf8 28. b5 Rf4 29. Rb3 Rf2 30. h3 Rxc2+ 31. Kd1 gxh3 32. Rxh3 Rxa2 33. Re3 Bh5+ 34. Ke1 g6 35. Re8+ Kg7 36. Re7+ Kh6 37. Bd5 Ra1+ 38. Kf2 g5 39. Be4 Bg6 40. Re6 Kh5 41. Bxg6+ hxg6 42. b6 axb6 43. Rxb6 g4 44. Kg3 Ra3+ 45. Kg2 Rf3 46. Rb5+ Rf5 47. Rb6 Rd5 48. Ra6 Kg5 49. Rb6 Rf5 50. Kg3 Rf3+ 51. Kg2 Rf6 52. Rb5+ Kh4 53. Rb8 Rd6 54. Rh8+ Kg5 55. Rb8 Rd2+ 56. Kg3 Rd3+ 57. Kg2 Re3 58. Rf8 g3 59. Rb8 Kh4 60. Rb4+ Kh5 61. Rb5+ g5 62. Rb4 g4 63. Rb8 Kg5 64. Rg8+ Kf4 65. Rf8+ 1/2-1/2

[Event "GEO-ch sf (Women)"]
[Site "Tbilisi"]
[Date "2002.02.25"]
[Round "7"]
[White "Chalabashvili, Tamar"]
[Black "Tandashvili, Margalita"]
[Result "1/2-1/2"]
[WhiteElo "2074"]
[BlackElo "2097"]
[PlyCount "104"]
[EventDate "2002.02.18"]
[EventType "swiss"]
[EventRounds "9"]
[EventCountry "GEO"]
[SourceTitle "EXT 2004"]
[Source "ChessBase"]
[SourceDate "2003.11.25"]
[SourceVersion "1"]
[SourceVersionDate "2003.11.25"]
[SourceQuality "1"]

1. e4 e6 2. d4 d5 3. Nc3 dxe4 4. Nxe4 Nf6 5. Ng3 c5 6. Nf3 a6 7. Bg5 Nc6 8. dxc5 Qa5+ 9. c3 Qxc5 10. Qd2 h6 11. Bxf6 gxf6 12. Ne4 Qe7 13. Rd1 f5 14. Nd6+ Qxd6 15. Qxd6 Bxd6 16. Rxd6 Ke7 17. Rd1 e5 18. Bc4 Be6 19. Bxe6 fxe6 20. Ke2 e4 21. Nd4 Ne5 22. f3 exf3+ 23. gxf3 Rhg8 24. Rhg1 Kf6 25. b3 Rxg1 26. Rxg1 Ng6 27. c4 Nf4+ 28. Ke3 Rd8 29. Kxf4 Rxd4+ 30. Ke3 Rh4 31. Rg2 Ke5 32. Rc2 Rh3 33. Re2 Kf6 34. Kf4 a5 35. a3 h5 36. c5 Rh4+ 37. Kg3 Rd4 38. Rc2 Rd3 39. b4 axb4 40. axb4 Rb3 41. Rc4 Ke5 42. Kg2 Kd5 43. Rf4 Rc3 44. Kg3 Rc4 45. Rh4 e5 46. Rxh5 f4+ 47. Kg4 Rxb4 48. h4 Rb5 49. Rg5 Rxc5 50. h5 Rc8 51. h6 b5 52. h7 Rh8 1/2-1/2

[Event "GEO-ch (Women) 57th"]
[Site "Tbilisi"]
[Date "2000.05.??"]
[Round "8"]
[White "Dzagnidze, Nana"]
[Black "Tandashvili, Margalita"]
[Result "1-0"]
[WhiteElo "2097"]
[BlackElo "2122"]
[PlyCount "52"]
[EventDate "2000.??.??"]
[EventType "swiss"]
[EventRounds "9"]
[EventCountry "GEO"]
[SourceTitle "EXT 2004"]
[Source "ChessBase"]
[SourceDate "2003.11.25"]
[SourceVersion "1"]
[SourceVersionDate "2003.11.25"]
[SourceQuality "1"]

1. d4 Nf6 2. c4 a6 3. Nc3 c5 4. d5 b5 5. cxb5 axb5 6. Nxb5 Qa5+ 7. Nc3 Bb7 8. Bd2 Qb6 9. e4 e6 10. dxe6 fxe6 11. e5 Ne4 12. Nf3 Nxd2 13. Qxd2 Bxf3 14. gxf3 Nc6 15. f4 Nd4 16. Bg2 Nb3 17. Qe2 Nd4 18. Qd2 Nb3 19. Qe2 Nd4 20. Qd3 Rd8 21. 0-0 d5 22. f5 c4 23. Qh3 Nxf5 24. Nxd5 Qxb2 25. Rab1 Qxa2 26. Rb7 Rd7 1-0